000 00782cam a2200265 a 4500
001 127102
003 OSt
005 20180921
008 0000001982 ESPN 0000000000 00
020 _a84-345-1897-X
245 _aManual de farmacología clínica
_cFélix Bochner... [et al.]
260 _bSalvat
300 _axviii, 422 p.
490 _aBiblioteca Médica de Bolsillo
650 _aFarmacología
700 _aBochner, Félix
040 _aDLC
_cDLC
942 _2ddc
_cBK
999 _c127102
_d12710200